The making of the sermon; (Record no. 4307)
[ view plain ]
| 000 -LEADER | |
|---|---|
| fixed length control field | 00705cam a2200241I 4500 |
| 001 - CONTROL NUMBER | |
| control field | 451791 |
| 003 - CONTROL NUMBER IDENTIFIER | |
| control field | OSt |
| 005 - DATE AND TIME OF LATEST TRANSACTION | |
| control field | 20181204174556.0 |
| 008 - FIXED-LENGTH DATA ELEMENTS--GENERAL INFORMATION | |
| fixed length control field | 770720s1898 pau 000 0 eng |
| 010 ## - LIBRARY OF CONGRESS CONTROL NUMBER | |
| LC control number | 98000931 |
| 035 ## - SYSTEM CONTROL NUMBER | |
| System control number | (OCoLC)ocm03129299 |
| 035 ## - SYSTEM CONTROL NUMBER | |
| System control number | (OCoLC)ocm03129299 |
| 040 ## - CATALOGING SOURCE | |
| Original cataloging agency | DLC |
| Transcribing agency | FHM |
| 049 ## - LOCAL HOLDINGS (OCLC) | |
| Holding library | PTSS |
| 050 0# - LIBRARY OF CONGRESS CALL NUMBER | |
| Classification number | BV4211 |
| Item number | .P3 |
| 082 ## - DEWEY DECIMAL CLASSIFICATION NUMBER | |
| Classification number | 251 |
| Item number | P321M |
| 100 1# - MAIN ENTRY--PERSONAL NAME | |
| Personal name | Pattison, T. Harwood |
| Fuller form of name | (Thomas Harwood), |
| Dates associated with a name | 1838-1904. |
| 245 14 - TITLE STATEMENT | |
| Title | The making of the sermon; |
| Remainder of title | for the class-room and the study, |
| Statement of responsibility, etc. | by T. Harwood Pattison. |
| 260 ## - PUBLICATION, DISTRIBUTION, ETC. | |
| Place of publication, distribution, etc. | Philadelphia, |
| Name of publisher, distributor, etc. | American Baptist Publication Society, |
| Date of publication, distribution, etc. | 1898. |
| 300 ## - PHYSICAL DESCRIPTION | |
| Extent | x, 392 p. |
| Dimensions | 19 1/2 cm. |
| 650 #0 - SUBJECT ADDED ENTRY--TOPICAL TERM | |
| Topical term or geographic name entry element | Preaching. |
| 942 ## - ADDED ENTRY ELEMENTS (KOHA) | |
| Source of classification or shelving scheme | Dewey Decimal Classification |
| Koha item type | Books |
| Withdrawn status | Lost status | Source of classification or shelving scheme | Damaged status | Not for loan | Collection code | Home library | Current library | Shelving location | Date acquired | Cost, normal purchase price | Total Checkouts | Full call number | Barcode | Date last seen | Price effective from | Koha item type |
|---|---|---|---|---|---|---|---|---|---|---|---|---|---|---|---|---|
| Dewey Decimal Classification | Non-fiction | Harvest Mission College | Harvest Mission College | General Stacks | 04.12.2018 | 300.00 | 251 P321M | 004900 | 04.12.2018 | 04.12.2018 | Books |
